Quizzes
Events
Quiz Creation
Community
Videos
Private Events
Remove Ads
Sign In
Join for FREE
Feedback
Dark Mode
Quiz Categories
Sports
Geography
Music
Movies
Television
Just For Fun
Miscellaneous
History
Literature
Language
Science
Gaming
Entertainment
Religion
Holiday
For Kids
Quiz Lab
Recent
Popular Today
Quiz Kudos Today
Editor Picks
Curator Picks
Quizzes by...
Day
Popularity
Type
Ratings
Length
Year
Community
Subscriptions
Recent Discussions
Orange Saloon
Badges
Playlists
Quests
Create
Leaderboards
Showdown
Live 5
Trivia Bingo
Activity
Puzzle Library
Sporcle Events
Private Events
Virtual Trivia
Globe League
Become a Host
Pub Owners
SporcleCon
Opinionation
Our Games
Videos
Blog
Mobile Apps
Partnerships
Remove Ads and Go Orange
Feedback
Science
Computer
Plants
Astronomy
Chemistry
Elements
Math
Animal
Physics
Anatomy
Biology
Geology
General Science
Science
Computer
Plants
Astronomy
Chemistry
Elements
Math
Animal
Physics
Anatomy
Biology
Geology
General Science
Random Quiz
Search Sporcle
×
Quiz Lab
Quiz Lab
Science
healthcare
Type in answers that appear in a list
Type in answers that appear in a list
Classic
Best Score? Go Orange.
Medical Terminology 8 Stats
Can you name the Medical Abbreviations 8?
By
Cornwad
10m
45 Questions
94 Plays
94 Plays
94 Plays
Comments
Comments
Give Quiz Kudos
Give Quiz Kudos
-
- Ratings
hide this ad
More Info
Replay
Link that replays current quiz
Next Quiz
Link to next quiz in quiz playlist
You Got
0%
They Got
Avg Score
31%
Avg Friend Score
Upgrade to see
Score Distribution
Jump to the score distribution portion of the page
Score
0/45
Timer
10:00
0
Plays Today
Abbreviation
Term
% Correct
UTI
urinary tract infection
73.4%
w/
o
without
71.3%
STD
sexually transmitted disease
70.2%
TB
tuberculosis
70.2%
vol
volume
69.1%
vag
vagina
63.8%
tachy
fast
54.3%
Sq
subcutaneous
50%
sub Q
subcutaneous
50%
TSH
thyroid stimulating hormone
48.9%
URI
upper respiratory infection
46.8%
sp gr
specific gravity
44.7%
TIA
transient ischemic attack
43.6%
TID
three times day
43.6%
UA
urinalysis
42.6%
VD
venereal disease
40.4%
VS
vital signs
35.1%
sup
suppository
33%
T^o
temperature
31.9%
spec
specimen
29.8%
w/
c
wheel chair
29.8%
-
tomy
incision
28.7%
ung
ointment
27.7%
Abbreviation
Term
% Correct
TPN
total parenteral nutrition
24.5%
TPR
temperature pulse and respiration
24.5%
VSS
vital signs stable
24.5%
-
tripsy
crushing
20.2%
VZV
varicella zoster virus
19.1%
TSS
toxic shock syndrome
17%
ss
one half
14.9%
T3
thyroid hormone 3
14.9%
T4
thyroid hormone 4
14.9%
UDS
urine drug screen
14.9%
TCBD
turn cough deep breath
13.8%
tome
cutting instrument
13.8%
VO
verbal orders
13.8%
stasis
stopping, controlling
12.8%
trach-
trachea or anything to do with
12.8%
stat
at once, immediately
11.7%
SVD
spontaneous vaginal delivery
11.7%
T & A
tonsillectomy and adenoidectomy
11.7%
SPECT
single photon emission computed topography
10.6%
STD
skin test dose
10.6%
TURP
transurethral resection prostate
10.6%
stomy
forming artificial opening
8.5%
Quiz Playlist
Details
Report
Send in Message
Add To Playlist
More Info:
This is mainly to study for a test, sorry if some of the abbreviations can stand for something else.
Classic:
Type in answers that appear in a list
Last Updated: Feb 16, 2017
Quiz Scoreboard
CHALLENGE
Sign Up to Join the Scoreboard
Show All
Scores
Hide
Comments
May contain spoilers
Recently Published
9x9 Crossword: Cartoon Network
by jackfrog10
Miscellaneous
3m
College Basketball Coaching Resumes
by pancakes188
Sports
9m
Billboard Blitz: Fleetwood Mac
by CooCooCachoo
Music
15s
More to Explore
Quiz From the Vault
Featured Blog Post
Where Did the Easter Bunny Come From?
hide this ad
You Might Also Like...
Tags
Abbreviation
health
healthcare
Medicine
school
Study
Technology
Today's Top Quizzes in Science
Browse Science
hide this ad
Today's Top Quizzes in healthcare
Browse healthcare
Top Contributed Quizzes in Science
1
Quick Pick: Radians
2
Quick Pick: 'CI-CJ' Animals
3
The First 100 Digits of Pi
4
Elements In Images
5
One Thing in Common: Science
6
Science Jokes
7
One Thing in Common: Animals
8
One Thing in Common: Science II
9
Name the Acid, Base or Salt
10
One Thing in Common: Science III
Explore More
Trending Topics
NBA
Kpop
Marvel
Crossword
Anime
Harry Potter
Disney
Country
Song
The Office
WWE
Soccer
NFL
Pokémon
Puzzle
hide this ad
More By:
Cornwad
Quiz
Plays
Rating
Category
Featured
Created
Medical Terminology 1
459
3.67
Science
Sep 14, 2010
Medical Terminology 6
264
3.00
Science
Nov 10, 2010
SSF4 Characters by Theme
212
4.50
Gaming
Aug 28, 2010
Medical Terminology 3
199
Science
Sep 28, 2010
Medical Terminology 2
159
Science
Sep 21, 2010
Go to Creator's Profile
Score Distribution
Quiz Creator Spotlight
Cornwad
Follow
Send a Message
Quizzes Created
-
Created Quiz Play Count
-
More By This Creator
Popular Quizzes Today
1
Find the US States - No Outlines Minefield
2
Find the Countries of Europe - No Outlines Minefield
3
The Countries of the World
4
Find the US States
5
Risky Map Clicking: Biggest States A-Z
6
US States
7
Popular People in 1961
8
Movies - When Are They Set?
More Science Quizzes
Rush to the Finish: Animals by Continent XIV
Quiz Lab
Trending Quizzes
Risky Map Clicking: Least Populous States A-Z
1-10 Letter G Words
Risky Map Clicking: Next State Alphabetically
Adjectives in 80s TV Shows
Risky Map Clicking: Biggest States A-Z
Recently Updated
Leaping Animals
pecheneg
Reality TV Shows (A-Z)
bhenderson79
Rickey Henderson's Hall of Fame Teammates
pecheneg
Champions League XIs: Arsenal
pecheneg
Quick Pick: Celebrities in WWE's Hall of Fame
aduchscher
A-Z Keypad Blitz II
pecheneg
Multiple Oscar Actors
pecheneg
Mystery Phrase Blitz: Oscar 'Best Actors'
pecheneg
F. Scott Fitzgerald Novels
LTH
Pick 3 Villains
ddd62291
Trending Topics
Kpop
Marvel
NBA
Harry Potter
Crossword
Anime
Disney
Puzzle
Song
WWE
Soccer
Country
The Office
NFL
Pokémon
Your Account Isn't Verified!
In order to create a playlist on Sporcle, you need to verify the email address you used during registration. Go to your
Sporcle Settings
to finish the process.
Report this User
Report this user for behavior that violates our
Community Guidelines
.
Details:
Send Report
Go to the Sporcle.com Mobile Site →
Comments